| 000 -LEADER |
| fixed length control field |
00596cam a22002171 4500 |
| 001 - CONTROL NUMBER |
| control field |
7444735 |
| 005 - DATE AND TIME OF LATEST TRANSACTION |
| control field |
20180315045348.0 |
| 008 - FIXED-LENGTH DATA ELEMENTS--GENERAL INFORMATION |
| fixed length control field |
720628s1953 nyu b 000 0 eng |
| 010 ## - LIBRARY OF CONGRESS CONTROL NUMBER |
| LC control number |
53009139 |
| 035 ## - SYSTEM CONTROL NUMBER |
| System control number |
(OCoLC)343743 |
| 040 ## - CATALOGING SOURCE |
| Original cataloging agency |
DLC |
| Transcribing agency |
OAU |
| Modifying agency |
OCoLC |
| -- |
DLC |
| 041 ## - LANGUAGE CODE |
| Language code of text/sound track or separate title |
eng |
| 080 ## - UNIVERSAL DECIMAL CLASSIFICATION NUMBER |
| Universal Decimal Classification number |
780.922 |
| 082 00 - DEWEY DECIMAL CLASSIFICATION NUMBER |
| Classification number |
780.922 CRO |
| Edition number |
22 |
| 100 1# - Rafti |
| Rafti |
45 |
| 101 ## - Shkurtesa |
| Shkurtesa |
MUZ |
| 245 10 - TITLE STATEMENT |
| Title |
Encyclopedia of the great composers and their music |
| Statement of responsibility, etc |
[by] Milton Cross and David Ewen. |
| 504 ## - BIBLIOGRAPHY, ETC. NOTE |
| Bibliography, etc |
Bibliography: p. [965]-977. |
| 906 ## - LOCAL DATA ELEMENT F, LDF (RLIN) |
| a |
7 |
| b |
cbc |
| c |
oclcrpl |
| d |
u |
| e |
ncip |
| f |
19 |
| g |
y-gencatlg |
| 942 ## - ADDED ENTRY ELEMENTS (KOHA) |
| Source of classification or shelving scheme |
|
| Item type |
Books |